|
|
|
|
| LEADER |
00925nab a2200253 i 4500 |
| 001 |
publ4804 |
| 005 |
20190325122307.0 |
| 008 |
150210s2014 hu o 0|| angol d |
| 022 |
|
|
|a 0962-9351
|
| 024 |
7 |
|
|a 10.1155/2014/472625
|2 doi
|
| 024 |
7 |
|
|a 2498170
|2 mtmt
|
| 040 |
|
|
|a SZTE Publicatio Repozitórium
|b hun
|
| 041 |
|
|
|a angol
|
| 100 |
1 |
|
|a Bebes Attila
|
| 245 |
1 |
0 |
|a Interleukin-1 receptors are differentially expressed in normal and psoriatic T cells
|h [elektronikus dokumentum] /
|c Bebes Attila
|
| 260 |
|
|
|a Hindawi Publishing Corporation
|c 2014
|
| 300 |
|
|
|a Azonosító: 472625-Terjedelem: 9 p
|
| 490 |
0 |
|
|a Mediators of Inflammation
|v 2014
|
| 700 |
0 |
2 |
|a Kovács-Sólyom Ferenc
|e aut
|
| 700 |
0 |
2 |
|a Prihoda Judit
|e aut
|
| 700 |
0 |
2 |
|a Kui Róbert
|e aut
|
| 700 |
0 |
2 |
|a Kemény Lajos
|e aut
|
| 700 |
0 |
2 |
|a Gyulai Rolland Péter
|e aut
|
| 856 |
4 |
0 |
|u http://publicatio.bibl.u-szeged.hu/4804/1/2498170_Bebes_MedInfll.pdf
|z Dokumentum-elérés
|